Movies with the Most Oscar Nominations - Statistics

General Stats
  • This quiz has been taken 812 times
  • The average score is 5 of 15
Answer Stats
Year Noms Hint Film % Correct
1997 14 Titanic
86%
1939 13 Gone with the Wind
75%
2001 13 The Lord of the Rings: The Fellowship of the Ring
59%
1994 13 Forrest Gump
50%
2023 13 Oppenheimer
49%
2016 14 La La Land
41%
1998 13 Gwyneth Paltrow Shakespeare in Love
21%
1950 14 Bette Davis All About Eve
18%
2002 13 Renée Zellweger Chicago
18%
2024 13 Zoe Saldaña Emilia Pérez
17%
2017 13 Michael Shannon The Shape of Water
17%
1964 13 Julie Andrews Mary Poppins
14%
1953 13 Burt Lancaster From Here to Eternity
12%
1966 13 Elizabeth Taylor Who's Afraid of Virginia Woolf?
5%
2008 13 Brad Pitt The Curious Case of Benjamin Button
4%
No matching quizzes found
Score Distribution
Percent of People with Each Score
Percentile by Number Answered
Your Score History
You have not taken this quiz